[Event "ch-USA w 2017"]
[Site "Saint Louis USA"]
[Date "2017.03.29"]
[Round "1.1"]
[White "Yu, Jennifer R"]
[Black "Zatonskih, Anna"]
[Result "1-0"]
[WhiteTitle "WIM"]
[BlackTitle "IM"]
[WhiteElo "2196"]
[BlackElo "2451"]
[WhiteFideId "2078341"]
[BlackFideId "14101572"]
[EventDate "2017.03.29"]

1. d4 d5 2. c4 e6 3. Nc3 Nf6 4. cxd5 exd5 5. Bg5 c6 6. e3 h6 7. Bh4 Be6 8. Bd3
Nbd7 9. Nge2 g5 10. Bg3 Nh5 11. Qc2 Nxg3 12. Nxg3 h5 13. a3 h4 14. Nf5 Qf6 15.
h3 Nb6 16. Ne2 O-O-O 17. g4 hxg3 18. Nexg3 Kb8 19. b4 Nc8 20. O-O-O Bd6 21. Kb2
Bxg3 22. fxg3 Bxf5 23. Bxf5 Nd6 24. Bd3 Qe6 25. Qf2 Rde8 26. Rde1 Rh6 27. h4 Rf6
28. Qe2 gxh4 29. gxh4 Rh6 30. Qf2 Reh8 31. Qg3 a6 32. Rh3 Ka7 33. Reh1 Rh5 34.
R1h2 Qf6 35. Rf2 Qe7 36. Rf4 f5 37. Qf2 R5h6 38. Kb3 Rh5 39. Bxf5 Nxf5 40. Rxf5
Rxh4 41. Rxh4 Rxh4 42. Re5 Qh7 43. Qc2 Qxc2+ 44. Kxc2 Kb6 45. Kb3 a5 46. a4 Rh1
47. bxa5+ Kxa5 48. e4 Rh3+ 49. Kc2 Kxa4 50. exd5 cxd5 51. Rxd5 b5 52. Rd8 Rh2+
53. Kd3 b4 54. Ra8+ Kb3 55. d5 Rh1 56. Rb8 Ka3 57. d6 Rd1+ 58. Kc2 1-0

[Event "ch-USA w 2017"]
[Site "Saint Louis USA"]
[Date "2017.03.29"]
[Round "1.2"]
[White "Feng, Maggie"]
[Black "Krush, Irina"]
[Result "1/2-1/2"]
[WhiteTitle "WCM"]
[BlackTitle "GM"]
[WhiteElo "2162"]
[BlackElo "2444"]
[WhiteFideId "2078090"]
[BlackFideId "2012782"]
[EventDate "2017.03.29"]

1. Nf3 Nf6 2. g3 b5 3. Bg2 Bb7 4. O-O e6 5. d3 d6 6. a4 b4 7. e4 Nbd7 8. Nbd2 a5
9. Re1 Be7 10. Nc4 O-O 11. e5 Nd5 12. Nfd2 Ra6 13. d4 Qa8 14. Bf1 N5b6 15. Qg4
Ra7 16. Nxb6 cxb6 17. Ne4 Re8 18. Nxd6 Bxd6 19. exd6 Nf6 20. Qh4 Qd8 21. Bb5
Qxd6 22. Re5 Rc8 23. Bh6 Be4 24. Bg5 Bg6 25. Bxf6 gxf6 26. Qxf6 Qxd4 27. Bd3 Rd7
28. Rae1 Rc5 29. Bxg6 hxg6 30. R1e4 Qd1+ 31. Kg2 Rxe5 32. Qxe5 Qd5 33. Qxd5 Rxd5
34. Rc4 Rd6 35. h4 Kg7 36. Kf3 f5 37. Ke3 Kf6 38. b3 e5 39. f3 Ke6 40. c3 bxc3
41. Rxc3 Ke7 1/2-1/2

[Event "ch-USA w 2017"]
[Site "Saint Louis USA"]
[Date "2017.03.29"]
[Round "1.3"]
[White "Nguyen, Emily"]
[Black "Paikidze, Nazi"]
[Result "1/2-1/2"]
[WhiteTitle "WIM"]
[BlackTitle "IM"]
[WhiteElo "2173"]
[BlackElo "2369"]
[WhiteFideId "2054000"]
[BlackFideId "13603620"]
[EventDate "2017.03.29"]

1. d4 Nf6 2. Nf3 e6 3. c4 b6 4. g3 Bb7 5. Bg2 Be7 6. O-O d5 7. Nc3 c6 8. Ne5
Nfd7 9. Nxd7 Nxd7 10. cxd5 cxd5 11. Bf4 O-O 12. Rc1 Rc8 13. Nb5 Rxc1 14. Qxc1 a6
15. Bc7 Qa8 16. Nd6 Bc6 17. Qc3 Bxd6 18. Bxd6 Rc8 19. Rc1 a5 20. e3 Nf6 21. Be5
Ne8 22. h4 Bd7 23. Qd2 f6 24. Bf4 Rxc1+ 25. Qxc1 Qc6 26. Qxc6 Bxc6 27. Bf1 Kf7
28. Bd3 h6 29. Kf1 Ke7 30. Bg6 Nd6 1/2-1/2

[Event "ch-USA w 2017"]
[Site "Saint Louis USA"]
[Date "2017.03.29"]
[Round "1.4"]
[White "Abrahamyan, Tatev"]
[Black "Virkud, Apurva"]
[Result "1-0"]
[WhiteTitle "WGM"]
[BlackTitle "WFM"]
[WhiteElo "2364"]
[BlackElo "2262"]
[WhiteFideId "13301918"]
[BlackFideId "2050820"]
[EventDate "2017.03.29"]

1. e4 c5 2. Nf3 d6 3. d4 cxd4 4. Nxd4 Nf6 5. Nc3 a6 6. f3 e6 7. Be3 b5 8. Qd2
Nbd7 9. g4 Nb6 10. a4 Nc4 11. Bxc4 bxc4 12. a5 Bb7 13. Na4 Qc7 14. Nb6 Rb8 15.
Ra4 d5 16. g5 Nd7 17. exd5 Nxb6 18. axb6 Qd7 19. Rxc4 Qxd5 20. Rc7 Bd6 21. c4
Qe5 22. Rxb7 Rxb7 23. Nc6 Qf5 24. Qxd6 f6 25. O-O Rf8 26. Nd4 Qd3 27. Qxe6+ Re7
28. Qc6+ Kf7 29. Qd5+ Kg6 30. Bf4 Rff7 31. gxf6 gxf6 32. Nc6 Rd7 33. Qxd3+ Rxd3
34. Na5 1-0

[Event "ch-USA w 2017"]
[Site "Saint Louis USA"]
[Date "2017.03.29"]
[Round "1.5"]
[White "Sharevich, Anna"]
[Black "Nemcova, Katerina"]
[Result "1/2-1/2"]
[WhiteTitle "WGM"]
[BlackTitle "WGM"]
[WhiteElo "2257"]
[BlackElo "2359"]
[WhiteFideId "13503189"]
[BlackFideId "322750"]
[EventDate "2017.03.29"]

1. d4 Nf6 2. c4 e6 3. Nf3 d5 4. g3 Bb4+ 5. Bd2 Bxd2+ 6. Nbxd2 O-O 7. Bg2 Nbd7 8.
O-O c5 9. cxd5 exd5 10. dxc5 Nxc5 11. Nb3 Nce4 12. Qd4 b6 13. Nfd2 Ba6 14. Rfe1
Qe7 15. Rac1 Rfe8 16. e3 h5 17. f3 Nxd2 18. Qxd2 Rac8 19. Nd4 Rxc1 20. Qxc1 Rc8
21. Qd2 Qc5 22. Bh3 Rc7 23. Bf5 Nd7 24. Bxd7 Rxd7 25. b4 Qd6 26. b5 Bb7 27. Rc1
Rc7 28. Rxc7 Qxc7 29. Kf2 h4 30. Qb2 hxg3+ 31. hxg3 Qd7 32. Kg2 Bc8 33. g4 Qd6
34. Qc3 Bd7 35. a4 f6 36. a5 bxa5 37. Qxa5 Qb6 38. Qa2 Qc5 39. Qa5 Qb6 40. Qa2 1/2-1/2

[Event "ch-USA w 2017"]
[Site "Saint Louis USA"]
[Date "2017.03.29"]
[Round "1.6"]
[White "Foisor, Sabina-Francesca"]
[Black "Yip, Carissa"]
[Result "1-0"]
[WhiteTitle "WGM"]
[BlackTitle "WFM"]
[WhiteElo "2272"]
[BlackElo "2234"]
[WhiteFideId "1212915"]
[BlackFideId "2090732"]
[EventDate "2017.03.29"]

1. d4 Nf6 2. Nf3 g6 3. c4 Bg7 4. e3 O-O 5. Be2 d5 6. cxd5 Nxd5 7. e4 Nb6 8. O-O
Bg4 9. Nbd2 e6 10. h3 Bxf3 11. Nxf3 Nc6 12. Be3 Qd7 13. a4 a5 14. Bb5 Qd6 15.
Rc1 Nb4 16. Qb3 c6 17. Be2 Nd7 18. Rfd1 Rfc8 19. Bd2 Bf8 20. Ng5 Nb6 21. Be3 h6
22. Nf3 Bg7 23. Ne5 Nd7 24. Nc4 Qc7 25. g3 g5 26. Bf3 Nf6 27. Bg2 Re8 28. d5
exd5 29. Nb6 dxe4 30. Nxa8 Rxa8 31. Bd4 Re8 32. Bf1 Nbd5 33. Bc4 Qe7 34. Re1 h5
35. Bxd5 Nxd5 36. Bxg7 Kxg7 37. Qd1 h4 38. Qd4+ Kh7 39. Rc4 f5 40. g4 fxg4 41.
hxg4 Nf6 42. Qe3 Qe6 43. Qxg5 Qxc4 44. Qxf6 Qd5 45. Qxh4+ Kg7 46. Re3 Qd1+ 47.
Kg2 Qd5 48. b3 b5 49. axb5 cxb5 50. Qg3 Re7 51. Qf4 a4 52. bxa4 bxa4 53. Kg3 Qd1
54. Kg2 Qd5 55. Kg3 Qd1 56. Qg5+ Kf7 57. Kg2 Qd6 58. Rh3 Qg6 59. Qf4+ Kg7 60.
Rh5 Rf7 61. Qe5+ Qf6 62. Rg5+ Kh8 63. Qb8+ Rf8 64. Qh2+ 1-0

[Event "ch-USA w 2017"]
[Site "Saint Louis USA"]
[Date "2017.03.30"]
[Round "2.1"]
[White "Krush, Irina"]
[Black "Foisor, Sabina-Francesca"]
[Result "1-0"]
[WhiteTitle "GM"]
[BlackTitle "WGM"]
[WhiteElo "2444"]
[BlackElo "2272"]
[WhiteFideId "2012782"]
[BlackFideId "1212915"]
[EventDate "2017.03.29"]

1. d4 d5 2. c4 e6 3. Nf3 Nf6 4. Nc3 Nbd7 5. cxd5 exd5 6. Qc2 c6 7. Bf4 Be7 8. h3
Nf8 9. e3 Bd6 10. Bxd6 Qxd6 11. Bd3 Ng6 12. O-O-O Bd7 13. Kb1 O-O 14. g4 Rfc8
15. g5 Ne8 16. h4 Bg4 17. Be2 Bh5 18. Ng1 Bxe2 19. Qxe2 Qe6 20. Nf3 Nd6 21. h5
Ne7 22. Ka1 Ne4 23. Nxe4 dxe4 24. Nd2 Nf5 25. Rc1 Rd8 26. Nb3 Rd5 27. Nc5 Qe7
28. Qg4 Nd6 29. Rhg1 Rd8 30. Na4 Qe6 31. Rc5 Qxg4 32. Rxg4 Rxc5 33. Nxc5 Re8 34.
Kb1 Re7 35. Kc2 Kf8 36. Kd1 f5 37. Rg1 b6 38. Na4 g6 39. h6 Kf7 40. Nc3 Ke6 41.
Ke2 c5 42. dxc5 bxc5 43. f4 exf3+ 44. Kxf3 Nc4 45. b3 Ne5+ 46. Ke2 c4 47. bxc4
Rc7 48. Nb5 Rxc4 49. Nd4+ Kd5 50. Rd1 Ke4 51. Ne6 Nf3 52. Rd7 Rc2+ 53. Kd1 Rxa2
54. Rxh7 Kxe3 55. Rg7 Ne5 56. Nf8 Kd3 57. Kc1 f4 58. Nxg6 Nxg6 59. Rxg6 f3 60.
Rd6+ Ke4 61. h7 Rh2 62. g6 Ke5 63. Rd8 f2 64. Rf8 1-0

[Event "ch-USA w 2017"]
[Site "Saint Louis USA"]
[Date "2017.03.30"]
[Round "2.2"]
[White "Yip, Carissa"]
[Black "Abrahamyan, Tatev"]
[Result "1/2-1/2"]
[WhiteTitle "WFM"]
[BlackTitle "WGM"]
[WhiteElo "2234"]
[BlackElo "2364"]
[WhiteFideId "2090732"]
[BlackFideId "13301918"]
[EventDate "2017.03.29"]

1. e4 e6 2. d4 d5 3. Nd2 a6 4. Ngf3 c5 5. dxc5 Bxc5 6. Bd3 Ne7 7. O-O O-O 8. a3
Nbc6 9. b4 Bb6 10. Bb2 Ng6 11. g3 Qc7 12. c4 Nce5 13. Nxe5 Nxe5 14. Qh5 Nxd3 15.
Bxg7 Kxg7 16. Qg5+ Kh8 17. Qf6+ Kg8 18. Qg5+ Kh8 19. Qf6+ Kg8 20. Qg5+ Kh8 21.
Qf6+ 1/2-1/2

[Event "ch-USA w 2017"]
[Site "Saint Louis USA"]
[Date "2017.03.30"]
[Round "2.3"]
[White "Virkud, Apurva"]
[Black "Yu, Jennifer R"]
[Result "1-0"]
[WhiteTitle "WFM"]
[BlackTitle "WIM"]
[WhiteElo "2262"]
[BlackElo "2196"]
[WhiteFideId "2050820"]
[BlackFideId "2078341"]
[EventDate "2017.03.29"]

1. d4 d5 2. c4 c6 3. Nc3 Nf6 4. Nf3 dxc4 5. a4 Na6 6. e3 Be6 7. Ne5 Nb4 8. Bxc4
Bxc4 9. Nxc4 e6 10. O-O Be7 11. e4 Qc7 12. Be3 O-O-O 13. Qe2 h5 14. Ne5 Ng4 15.
Nb5 Qb6 16. Nxf7 cxb5 17. Rfc1+ Kb8 18. Bf4+ e5 19. Bg3 bxa4 20. Nxh8 Rxh8 21.
h3 h4 22. Qxg4 hxg3 23. Qxg3 Bf6 24. dxe5 Bh4 25. Qxg7 Bxf2+ 26. Kh1 Rd8 27. e6
Nd3 28. e7 Bd4 29. Qg3+ Be5 30. Qxd3 Rh8 31. Qd7 Qg6 32. Qd8+ 1-0

[Event "ch-USA w 2017"]
[Site "Saint Louis USA"]
[Date "2017.03.30"]
[Round "2.4"]
[White "Nemcova, Katerina"]
[Black "Paikidze, Nazi"]
[Result "0-1"]
[WhiteTitle "WGM"]
[BlackTitle "IM"]
[WhiteElo "2359"]
[BlackElo "2369"]
[WhiteFideId "322750"]
[BlackFideId "13603620"]
[EventDate "2017.03.29"]

1. e4 c5 2. Nf3 d6 3. c3 Nf6 4. Be2 g6 5. O-O Bg7 6. Re1 O-O 7. d3 Nc6 8. h3 a6
9. Be3 e5 10. Qd2 b5 11. Na3 Rb8 12. Bf1 Qc7 13. Nc2 Ne7 14. Bg5 Bb7 15. Rad1
Rbd8 16. Qe2 Nh5 17. g4 Nf4 18. Bxf4 exf4 19. d4 Rde8 20. Bg2 Nc8 21. Nh2 f5 22.
gxf5 gxf5 23. f3 Qf7 24. b3 b4 25. cxb4 d5 26. e5 cxd4 27. e6 Qc7 28. Nxd4 Ne7
29. Kh1 Nc6 30. Nxc6 Qxc6 31. Rc1 Qd6 32. b5 Re7 33. Bf1 axb5 34. Qxb5 Bd4 35.
Rcd1 Bf2 36. Re2 Ba6 37. Rxd5 Bxb5 38. Rxd6 Bxe2 39. Bxe2 Rg7 40. Rd1 Kh8 41. e7
Rfg8 42. e8=Q Rxe8 43. Bc4 h5 44. a4 Ree7 45. a5 h4 46. a6 Rg5 47. b4 Rd7 48.
Rf1 Be3 49. b5 Rdg7 50. Ng4 fxg4 51. hxg4 Rc7 52. Bd3 Rd5 0-1

[Event "ch-USA w 2017"]
[Site "Saint Louis USA"]
[Date "2017.03.30"]
[Round "2.5"]
[White "Sharevich, Anna"]
[Black "Feng, Maggie"]
[Result "1/2-1/2"]
[WhiteTitle "WGM"]
[BlackTitle "WCM"]
[WhiteElo "2257"]
[BlackElo "2162"]
[WhiteFideId "13503189"]
[BlackFideId "2078090"]
[EventDate "2017.03.29"]

1. d4 e6 2. c4 f5 3. Nc3 Nf6 4. Nf3 Bb4 5. Bg5 Bxc3+ 6. bxc3 O-O 7. g3 b6 8. Bg2
Bb7 9. O-O Qe8 10. Bxf6 Rxf6 11. Nd2 Bxg2 12. Kxg2 d6 13. Kg1 Nd7 14. Qa4 Nf8
15. Qxe8 Rxe8 16. a4 e5 17. e3 a5 18. Rab1 Nd7 19. Rfe1 Kf8 20. f3 Ke7 21. Nb3
Ra8 22. Kg2 Kf7 23. Red1 Ke7 24. Rd2 g5 25. Rbd1 e4 26. fxe4 fxe4 27. Re2 Raf8
28. Nd2 Re6 29. h3 Nf6 30. Rf1 g4 31. h4 Nh5 32. Rxf8 Kxf8 33. Rf2+ Kg7 34. Rf5
Nf6 35. Rb5 h6 36. Kf2 Kg6 37. Kg2 1/2-1/2

[Event "ch-USA w 2017"]
[Site "Saint Louis USA"]
[Date "2017.03.30"]
[Round "2.6"]
[White "Zatonskih, Anna"]
[Black "Nguyen, Emily"]
[Result "1-0"]
[WhiteTitle "IM"]
[BlackTitle "WIM"]
[WhiteElo "2451"]
[BlackElo "2173"]
[WhiteFideId "14101572"]
[BlackFideId "2054000"]
[EventDate "2017.03.29"]

1. e4 c5 2. Nf3 e6 3. c3 d5 4. exd5 Qxd5 5. d4 Nf6 6. Na3 Nc6 7. Be3 cxd4 8. Nb5
Qd8 9. Nbxd4 Nxd4 10. Bxd4 Be7 11. Bd3 O-O 12. Qc2 g6 13. O-O-O Qa5 14. Kb1 b5
15. h4 Rd8 16. h5 Nxh5 17. Rxh5 gxh5 18. Qd2 Kf8 19. Qh6+ Ke8 20. Qxh7 e5 21.
Qg8+ Kd7 22. Nxe5+ Kc7 23. Qxf7 1-0

[Event "ch-USA w 2017"]
[Site "Saint Louis USA"]
[Date "2017.03.31"]
[Round "3.1"]
[White "Abrahamyan, Tatev"]
[Black "Krush, Irina"]
[Result "0-1"]
[WhiteTitle "WGM"]
[BlackTitle "GM"]
[WhiteElo "2364"]
[BlackElo "2444"]
[WhiteFideId "13301918"]
[BlackFideId "2012782"]
[EventDate "2017.03.29"]

1. e4 c6 2. d4 d5 3. Nc3 dxe4 4. Nxe4 Nf6 5. Nxf6+ exf6 6. c3 Bd6 7. Bd3 O-O 8.
Qc2 Re8+ 9. Ne2 h5 10. Be3 Nd7 11. O-O-O Nf8 12. Kb1 Be6 13. Nf4 Bxf4 14. Bxf4
b5 15. Be4 Bd5 16. Rhe1 Bxe4 17. Rxe4 Ne6 18. Rde1 a5 19. Bc1 a4 20. f4 Qd5 21.
R4e2 Nc7 22. f5 Qd7 23. Rxe8+ Rxe8 24. Rxe8+ Qxe8 25. b3 axb3 26. axb3 Nd5 27.
Kb2 Qe1 28. Bd2 Qh4 29. Qd3 Qxh2 30. Qe4 Qb8 31. Qh4 g6 32. Qe4 g5 33. Kc2 Qa8
34. Kb2 h4 35. Qf3 Ne7 36. c4 bxc4 37. bxc4 Qc8 38. Bb4 Nxf5 39. Bc3 Kg7 40. d5
cxd5 41. cxd5 Kg6 42. Qe4 Qb8+ 43. Kc2 Qg3 44. Kb3 Qf4 45. Qe8 Nd6 46. Qg8+ Kf5
47. Qh7+ Kg4 48. Qd3 Qe4 49. Qd1+ Kf5 50. Qf1+ Qf4 51. Qd3+ Ne4 52. Ka3 Qg3 0-1

[Event "ch-USA w 2017"]
[Site "Saint Louis USA"]
[Date "2017.03.31"]
[Round "3.2"]
[White "Paikidze, Nazi"]
[Black "Zatonskih, Anna"]
[Result "0-1"]
[WhiteTitle "IM"]
[BlackTitle "IM"]
[WhiteElo "2369"]
[BlackElo "2451"]
[WhiteFideId "13603620"]
[BlackFideId "14101572"]
[EventDate "2017.03.29"]

1. Nf3 d5 2. g3 g6 3. Bg2 Bg7 4. d4 Nf6 5. O-O O-O 6. c4 c6 7. Nc3 e6 8. Qc2
Nbd7 9. e4 dxc4 10. a4 c5 11. Rd1 cxd4 12. Nxd4 Qe7 13. b3 e5 14. Ndb5 cxb3 15.
Qxb3 Nc5 16. Qa3 b6 17. Bg5 Bb7 18. Nd5 Bxd5 19. exd5 Qd7 20. Be3 Rac8 21. d6
Rfd8 22. Rac1 Ne8 23. Bxc5 bxc5 24. Rxc5 Bf8 25. Rxc8 Rxc8 26. Qe3 Nxd6 27. Nxa7
Qxa4 28. Rxd6 Qa1+ 29. Bf1 Rc1 30. Rd8 Rxf1+ 31. Kg2 Rg1+ 32. Kh3 Kg7 33. Re8
Re1 34. Qb6 Qd1 35. Qb7 Qh5+ 36. Kg2 Qe2 37. Qb5 Qe4+ 38. Kh3 Qe2 39. Qxe2 Rxe2
40. Nc6 Rc2 41. Nd8 Rxf2 42. Rxe5 h5 43. Rd5 Be7 44. Nc6 Bf6 45. Nd4 g5 46. g4
hxg4+ 47. Kg3 Ra2 48. Nf5+ Kg6 49. Kxg4 Rxh2 50. Rd6 Re2 51. Kf3 Re8 52. Ne3 Re5
53. Nd5 Rf5+ 54. Kg4 Rf1 55. Ne7+ Kh7 56. Nd5 Be5 57. Rd7 Kh6 58. Re7 f6 59. Re6
Kg6 60. Ra6 Rg1+ 61. Kf3 Rf1+ 62. Kg4 Rg1+ 63. Kf3 g4+ 64. Ke4 Re1+ 65. Ne3 Kg5
66. Kd3 Ra1 67. Rc6 Ra3+ 68. Ke4 Ra4+ 69. Nc4 Kh4 70. Rc8 Kg3 71. Kf5 Kf3 72.
Nd2+ Ke3 73. Nc4+ Kf3 74. Nd2+ Kg2 75. Ne4 g3 76. Rc2+ Kf3 77. Nd2+ Ke2 78. Ne4+
Ke3 79. Nxg3 Bxg3 80. Rc3+ Kf2 81. Kxf6 Bf4 82. Kf5 Be3 83. Rd3 Kf3 84. Rd5 Rh4
85. Ke5 Rh5+ 86. Ke6 Rh8 87. Kf5 Rf8+ 88. Ke5 Bf4+ 89. Kd4 Ra8 90. Kd3 Ra4 91.
Rf5 Ra3+ 92. Kd4 Ra7 93. Rd5 Ra1 94. Kd3 Kg4 95. Ke4 Re1+ 96. Kd3 Be3 97. Ra5
Kf4 98. Ra8 Rd1+ 99. Kc3 Bc5 100. Kc4 Bd6 101. Ra2 Ke3 102. Rc2 Bf4 103. Ra2 Ke4
104. Ra4 Bd6 105. Kc3+ Kd5 106. Kc2 Rh1 107. Kd3 Bc5 108. Rg4 Rh3+ 109. Ke2 Be3
110. Rg8 Bf4 111. Ra8 Be5 112. Kd2 Ke4 113. Kc2 Rh2+ 114. Kb3 Rb2+ 115. Kc4 Rc2+
116. Kb3 Rc7 117. Kb4 Bd6+ 118. Kb5 Kd5 119. Kb6 Rc1 120. Ra5+ Bc5+ 121. Kb7 Rh1
122. Ra8 Rh7+ 123. Ka6 Kc4 124. Ka5 Rh6 125. Rc8 Rh1 126. Ka6 Rh7 127. Ra8 Kb4
128. Rb8+ Ka4 129. Ra8 Rg7 0-1

[Event "ch-USA w 2017"]
[Site "Saint Louis USA"]
[Date "2017.03.31"]
[Round "3.3"]
[White "Foisor, Sabina-Francesca"]
[Black "Sharevich, Anna"]
[Result "1-0"]
[WhiteTitle "WGM"]
[BlackTitle "WGM"]
[WhiteElo "2272"]
[BlackElo "2257"]
[WhiteFideId "1212915"]
[BlackFideId "13503189"]
[EventDate "2017.03.29"]

1. d4 Nf6 2. c4 e6 3. Nf3 d5 4. Nc3 Be7 5. Bf4 O-O 6. Rc1 c5 7. dxc5 Na6 8. e3
Nxc5 9. Qc2 dxc4 10. Bxc4 a6 11. b4 Ncd7 12. b5 Qa5 13. O-O Nc5 14. Ne5 Nfd7 15.
Nxd7 Nxd7 16. Bd3 h6 17. bxa6 e5 18. Bg3 bxa6 19. Nd5 Ba3 20. Rb1 Ra7 21. Bc4
Bb7 22. Rfd1 Bc6 23. Bb3 Ba8 24. Qf5 g6 25. Qg4 Kg7 26. h4 h5 27. Bxe5+ Nxe5 28.
Qd4 Re7 29. Nxe7 Bxe7 30. f4 Bf6 31. fxe5 Bxe5 32. Qa7 Bb8 33. Qe7 Bc6 34. Rf1
Be8 35. Bc2 Be5 36. Bxg6 Qc3 37. Rb3 Qc7 38. Qxc7 Bxc7 39. Bxh5 Bb5 40. Rf5 f6
41. a4 Bd7 42. Rc5 Be5 43. Rb7 Kh6 44. Rxd7 Kxh5 45. g3 Kg4 46. Kg2 1-0

[Event "ch-USA w 2017"]
[Site "Saint Louis USA"]
[Date "2017.03.31"]
[Round "3.4"]
[White "Feng, Maggie"]
[Black "Nemcova, Katerina"]
[Result "1/2-1/2"]
[WhiteTitle "WCM"]
[BlackTitle "WGM"]
[WhiteElo "2162"]
[BlackElo "2359"]
[WhiteFideId "2078090"]
[BlackFideId "322750"]
[EventDate "2017.03.29"]

1. Nf3 c5 2. g3 Nc6 3. c4 g6 4. Nc3 Bg7 5. Bg2 e5 6. O-O Nge7 7. d3 d6 8. a3 O-O
9. Rb1 a5 10. Bd2 h6 11. Ne1 Rb8 12. Nc2 Be6 13. Ne3 f5 14. Ned5 Kh7 15. e3 g5
16. Nb5 Ng6 17. b4 axb4 18. axb4 f4 19. Be4 cxb4 20. Qh5 Bf5 21. Bxf5 Rxf5 22.
Qg4 Rf7 23. Qe6 Qd7 24. Qxd7 Rxd7 25. Bxb4 Nxb4 26. Rxb4 Kg8 27. Rfb1 Kf7 28.
Nbc7 Ne7 29. Na6 Rbd8 30. Rxb7 Nxd5 31. cxd5 fxe3 32. fxe3 g4 33. Nc7 Re7 34.
Ne6 Rdd7 35. R7b4 h5 36. Kg2 Kg6 37. Rf1 Rf7 38. Rxf7 Kxf7 39. h3 gxh3+ 40. Kxh3
Bf6 41. g4 hxg4+ 42. Kxg4 Ra7 43. Kf5 Ra1 44. Rb7+ Be7 45. Ng5+ Ke8 46. Ne4 Rh1
47. Nf6+ Bxf6 48. Kxf6 Rh6+ 49. Kf5 Rh5+ 50. Kg4 Rh1 51. Kf3 Rh3+ 52. Ke2 Rh2+
53. Kd1 Ra2 54. e4 Kd8 55. Kc1 Rh2 56. Rb2 Rh1+ 57. Kc2 Kc7 58. Kb3 Rd1 59. Kc3
Rc1+ 60. Rc2 Rd1 61. Kc4 Kd7 62. Rc3 Rd2 63. Rb3 Rc2+ 64. Kb5 Rc1 65. Kb6 Rc2
66. Ka7 Rc1 67. Rb7+ Kc8 68. Rb8+ Kc7 69. Rb7+ Kc8 70. Rb8+ 1/2-1/2

[Event "ch-USA w 2017"]
[Site "Saint Louis USA"]
[Date "2017.03.31"]
[Round "3.5"]
[White "Nguyen, Emily"]
[Black "Virkud, Apurva"]
[Result "0-1"]
[WhiteTitle "WIM"]
[BlackTitle "WFM"]
[WhiteElo "2173"]
[BlackElo "2262"]
[WhiteFideId "2054000"]
[BlackFideId "2050820"]
[EventDate "2017.03.29"]

1. d4 d5 2. c4 e6 3. Nc3 Be7 4. Nf3 Nf6 5. cxd5 exd5 6. Bg5 c6 7. Qc2 Nbd7 8. e3
O-O 9. Bd3 Re8 10. O-O Nf8 11. Rab1 g6 12. b4 Ne6 13. Bh4 a5 14. b5 c5 15. dxc5
Nxc5 16. Rbd1 Nxd3 17. Qxd3 Bf5 18. Qd2 Ne4 19. Bxe7 Rxe7 20. Qxd5 Rd7 21. Qxd7
Bxd7 22. Nxe4 Qe7 23. Rxd7 Qxe4 24. Rd4 Qc2 25. a4 Rc8 26. Ng5 h6 27. Ne4 Rc4
28. Rd8+ Kg7 29. Nd6 Rxa4 30. Rd7 Rb4 31. Rc7 Qa2 32. Nxb7 Rb1 33. Rcc1 Rxc1 34.
Rxc1 Qb2 35. Rf1 a4 36. Nc5 a3 37. Nd3 Qxb5 38. Nc1 Qb1 39. f3 Qc2 40. Re1 Qc3
41. Kf1 Qc4+ 42. Kf2 Qh4+ 43. Kf1 Qxh2 44. e4 h5 45. Na2 h4 46. Re2 Qf4 47. Kf2
g5 48. Re3 Qg3+ 49. Kf1 g4 0-1

[Event "ch-USA w 2017"]
[Site "Saint Louis USA"]
[Date "2017.03.31"]
[Round "3.6"]
[White "Yu, Jennifer R"]
[Black "Yip, Carissa"]
[Result "1/2-1/2"]
[WhiteTitle "WIM"]
[BlackTitle "WFM"]
[WhiteElo "2196"]
[BlackElo "2234"]
[WhiteFideId "2078341"]
[BlackFideId "2090732"]
[EventDate "2017.03.29"]

1. Nf3 Nf6 2. g3 d5 3. d4 e6 4. Bg2 c5 5. b3 cxd4 6. Bb2 Bb4+ 7. Kf1 O-O 8. a3
Be7 9. Bxd4 Nc6 10. Bb2 Ne4 11. Nd4 f5 12. e3 Bf6 13. Nd2 e5 14. Nxc6 bxc6 15.
Nxe4 fxe4 16. Kg1 Qb6 17. h3 Bb7 18. Kh2 c5 19. Re1 Rfe8 20. Rb1 d4 21. Qg4 Qc6
22. Rbd1 g6 23. Rd2 Re7 24. Qd1 Rd8 25. Qe2 Kg7 26. Qf1 Qb6 27. Red1 Rf8 28. Qh1
Qc6 29. c3 Bg5 30. Re1 h5 31. c4 Kh7 32. Rde2 Ref7 33. Kg1 dxe3 34. fxe3 Qf6 35.
Rd2 Kg8 36. h4 Bh6 37. Kh2 Qb6 38. Bxe5 Qxb3 39. Bd6 Rd8 40. Rb1 Qxe3 41. Bf4
Qxd2 42. Bxd2 Rxd2 43. Rd1 e3 44. Rxd2 exd2 45. Bxb7 Rxb7 46. Qd5+ Kh8 47. Kh3 1/2-1/2

[Event "ch-USA w 2017"]
[Site "Saint Louis USA"]
[Date "2017.04.01"]
[Round "4.1"]
[White "Krush, Irina"]
[Black "Yu, Jennifer R"]
[Result "0-1"]
[WhiteTitle "GM"]
[BlackTitle "WIM"]
[WhiteElo "2444"]
[BlackElo "2196"]
[WhiteFideId "2012782"]
[BlackFideId "2078341"]
[EventDate "2017.03.29"]

1. d4 d5 2. c4 c6 3. Nf3 Nf6 4. e3 g6 5. Nc3 Bg7 6. Bd3 O-O 7. O-O b6 8. h3 Bb7
9. Qe2 Nbd7 10. Rd1 Qc7 11. b3 Rfe8 12. Bb2 Rac8 13. Rac1 Qb8 14. b4 c5 15. Nxd5
Nxd5 16. cxd5 cxb4 17. Bb5 Red8 18. e4 Bh6 19. Rc4 Qd6 20. Ne5 Rxc4 21. Qxc4
Nxe5 22. dxe5 Qc5 23. Bd4 Qxc4 24. Bxc4 Kf8 25. Bd3 Rc8 26. Rb1 Rc1+ 27. Rxc1
Bxc1 28. Kf1 e6 29. Bc4 Bg5 30. dxe6 fxe6 31. Bxe6 Bxe4 32. f3 Bd3+ 33. Kf2 Be7
34. f4 Bc5 35. Ke3 Bf1 36. Bd5 a5 37. h4 a4 38. g3 Bh3 39. Kd3 Bf1+ 40. Ke3 Bh3
41. Kd3 Bf1+ 42. Ke3 h5 43. Be6 Ke7 44. Bd5 Bh3 45. Kd3 Bf5+ 46. Be4 Bxd4 47.
Bxf5 b3 48. axb3 a3 0-1

[Event "ch-USA w 2017"]
[Site "Saint Louis USA"]
[Date "2017.04.01"]
[Round "4.2"]
[White "Nemcova, Katerina"]
[Black "Zatonskih, Anna"]
[Result "1/2-1/2"]
[WhiteTitle "WGM"]
[BlackTitle "IM"]
[WhiteElo "2359"]
[BlackElo "2451"]
[WhiteFideId "322750"]
[BlackFideId "14101572"]
[EventDate "2017.03.29"]

1. d4 e6 2. Bf4 d5 3. e3 Bd6 4. Bg3 Nf6 5. Nf3 b6 6. Nbd2 Bb7 7. Bb5+ Nbd7 8.
Ne5 O-O 9. c3 a6 10. Ba4 b5 11. Bc2 Ne4 12. Nxd7 Qxd7 13. Bxd6 cxd6 14. f3 Nxd2
15. Qxd2 f5 16. O-O Bc6 17. Rae1 Qb7 18. Bb3 Rae8 19. Ra1 Qd7 20. Rae1 Qb7 21.
Ra1 Qd7 22. Rae1 Qb7 1/2-1/2

[Event "ch-USA w 2017"]
[Site "Saint Louis USA"]
[Date "2017.04.01"]
[Round "4.3"]
[White "Virkud, Apurva"]
[Black "Paikidze, Nazi"]
[Result "0-1"]
[WhiteTitle "WFM"]
[BlackTitle "IM"]
[WhiteElo "2262"]
[BlackElo "2369"]
[WhiteFideId "2050820"]
[BlackFideId "13603620"]
[EventDate "2017.03.29"]

1. d4 Nf6 2. c4 e6 3. g3 d5 4. Nf3 Be7 5. Bg2 O-O 6. O-O c6 7. Qc2 Nbd7 8. Rd1
Ne4 9. Nbd2 f5 10. Ne5 Nxe5 11. dxe5 Qe8 12. Nf3 Bd7 13. Be3 g5 14. Nd4 g4 15.
Bh6 Rf7 16. Qc1 Qd8 17. f3 Bg5 18. Bxg5 Nxg5 19. f4 Nh3+ 20. Bxh3 gxh3 21. Nf3
b6 22. Ng5 Rg7 23. c5 bxc5 24. Qxc5 Rb8 25. b4 Rb5 26. Qd4 a5 27. a3 Qb8 28.
bxa5 c5 29. Qf2 h6 30. Nxh3 Bc6 31. Qf3 Qe8 32. Rab1 d4 33. Qf1 Qd7 34. Rxb5
Bxb5 35. Rb1 c4 36. a4 Bc6 37. Rb8+ Kf7 38. e4 d3 39. Qd1 Qd4+ 40. Nf2 Kg6 41.
Rb6 Qc5 42. Qf3 Bxe4 43. Rxe6+ Kf7 44. Rf6+ Ke7 45. Qh5 Qe3 46. Kf1 Bf3 47. Re6+
Kxe6 48. Qe8+ Kd5 49. Qd8+ Kc6 50. Qf6+ Kb7 51. Qxg7+ Ka6 52. Qf6+ Kxa5 53. Qd8+
Kb4 54. Qd6+ Kb3 55. Qb8+ Kc2 56. Qb4 Qc1+ 57. Qe1 Be2+ 0-1